Najlepsi strzelcy Pucharu króla w XXI w - Statystyki

Ogólne statystyki
  • Ten quiz został rozwiązany 31 razy
  • Średni wynik to 6 z 10
Statystyki odpowiedzi
Hint Odpowiedź % Poprawnych
22 Portugalia Cristiano Ronaldo
100%
25 Benzema Karim Benzema
100%
56 Argentyna Lionel Messi
100%
20 Urugwaj Luis Suárez
100%
27 Francja Antoine Griezmann
61%
20 Hiszpania Pedro
39%
22 Hiszpania Aritz Aduriz
29%
24 Hiszpania Roberto Soldado
14%
23 Hiszpania Álvaro Negredo
11%
28 Hiszpania Jorge Molina
4%
Nie znaleziono quizów pasujących do podanych kryteriów
Rozkład punktacji
Procent ludzi z każdym wynikiem
Percentyl według liczby udzielonych odpowiedzi
Twoja historia wyników
Nie rozwiązałeś tego quizu